Responses for Show #3876 - Monday, June 11, 2001

Mark Eckard game 2.

Contestants

[<< previous game]

Jay Pierce, a line cook from Marrero, Louisiana

Nancy Fisher, a computer software salesperson from Brookline, Massachusetts

Mark Eckard, a software engineer from Bedford, Massachusetts (whose 1-day cash winnings total $17,800)

[next game >>]

Jeopardy! Round responses

FILM NOIR
ANIMAL YOUNG 'UNS
"F" IN GEOGRAPHY
COMING TO A CLOTHES
Y TO K
(Alex: Each response will begin with the letter "Y" & end with "K")
LITERATURE, JERRY SPRINGER-STYLE
(Alex: No fighting, please!)
    $100 6
Chinatown

Jay
    $100 16
a colt

Mark
    $100 11
Mount Fuji

Nancy
    $100 15
the referee (umpire)

Nancy
    $100 1
Yank

Jay
    $100 19
Anne Rice

Mark
    $200 7
The Postman Always Rings Twice

Mark
    $200 17
a joey

Nancy
    $200 12
Finger Lakes

Mark
    $200 21
double-breasted

Mark
    $200 2
Yearbook

Mark
    $200 20
Garp

Jay
    $300 8
Kenneth Branagh

Mark
    $300 18
a calf

Triple Stumper
    $800 13
(Charles) Fairbanks

Mark
    $300 28
cravat

Mark
    $300 3
Yardstick

Mark
    $300 22
Paradise Lost

Mark
    $400 9
Lawrence Kasdan

Jay
    $400 26
a pup

Triple Stumper
    $400 14
Finland

Jay
    $400 29
ostrich

Mark
    $400 4
Yak

Nancy
    $400 23
Who's Afraid of Virginia Woolf?

Mark
    $500 10
Blood Simple

Nancy
    $500 27
(Jay: What is a tom?)

a poult (chick accepted)

NancyJay
    $500 25
(Alex: Less than a minute to go.)

the Faroe Islands

Mark
    $500 30
boater

Mark
    $500 5
Amy Yasbeck

Triple Stumper
    $500 24
(Nancy: What is Les Misérables?)

The Count of Monte Cristo

MarkNancy

Scores at the first commercial break (after clue 15):

Mark Nancy Jay
$2,000 $1,100 $1,000

Scores at the end of the Jeopardy! Round:

Mark Nancy Jay
$5,300 $1,300 $700

Double Jeopardy! Round responses

FILM RENOIR
SEEMS LIKE ANCIENT TIMES
CLUBS & ORGANIZATIONS
MEDICAL EDUCATION
STATES' MEN
(Alex: We want you to name the state the men are from)
BEFORE & AFTER
    $200 9
Down and Out in Beverly Hills

Jay
    $200 1
Rice

Mark
    $200 7
Lions Club

Mark
    $200 10
Ethics

Mark
    $200 6
California

Nancy
    $200 27
[The end-of-round signal sounds.]

Earl Warren Beatty

Mark
    $400 18
The Rules of the Game

Nancy
    $400 2
Right hand

Mark
    $400 8
Odd Fellows

Nancy
    $400 22
(Mark: What is a revolution?)

a rotation

MarkNancy
    $400 11
Oklahoma

Mark
    $600 19
William Faulkner

Mark
    $600 3
Pyramid

Jay
    $600 15
Tennessee

Triple Stumper
    $600 23
Flatliners

Nancy
    $1,500 12
(Alex: It was probably Hershey that gave it away!)

Pennsylvania

Mark
    $600 26
Tom & Jerry Garcia

Mark
    $800 20
Madame Bovary

Nancy
    $800 4
Altar

Mark
    $800 16
Ben-Hur

Mark
    $800 24
Grenada

Nancy
    $800 13
South Dakota

Jay
    $800 21
(Alex: We have one minute to go.)

Grand Illusion

Nancy
    $1000 5
(Nancy: What are Pharisees?)

priests

MarkNancy
    $1000 17
Izaak Walton League

Mark
    $1000 25
(Jay: What is...)

emergency medicine

Jay
Triple Stumper
    $1000 14
Ohio

Mark

Scores at the end of the Double Jeopardy! Round:

Mark Nancy Jay
$13,800 $4,700 $1,300
(lock game)

[wagering suggestions for these scores]

Final Jeopardy! Round responses

FAMOUS AMERICANS
JayWho was
$1,250
NancyWho was Robert Lincoln
$500
MarkWho is Roosevelt
$3,800
Robert Todd Lincoln

Final scores:

Mark Nancy Jay
$10,000 $5,200 $50
2-day champion: $27,800 2nd place: Trip to Allegro Resort & Casino, Aruba 3rd place: Pair of ebikes (from ebikes.com)

Game dynamics:

Coryat scores:

Mark Nancy Jay
$12,400 $4,900 $1,300
30 R
(including 2 DDs),
1 W
14 R
(including 1 DD),
2 W
8 R,
2 W

Combined Coryat: $18,600

[game clues] [game scores] [suggest correction]

Game tape date: 2001-02-27
The J! Archive is created by fans, for fans. Scraping, republication, monetization, and malicious use prohibited; this site may use cookies and collect identifying information. See terms. The Jeopardy! game show and all elements thereof, including but not limited to copyright and trademark thereto, are the property of Jeopardy Productions, Inc. and are protected under law. This website is not affiliated with, sponsored by, or operated by Jeopardy Productions, Inc. Join the discussion at JBoard.tv.